| 000 | 003580000a22000970004500 | ||
|---|---|---|---|
| 100 | 1 | _aKreitzer, Larry J. | |
| 245 | 1 | 0 | _aCrude language and shameful things done in secret (Ephesians 5.4,12) : Allusions to the cult of demeter/cybele in hierapolis? |
| 300 | _aNúm 71 (1998), Páginas 51-77 | ||
| 773 | 0 | _tJournal for the Study of the New Testament | |
| 942 | _cANA | ||
| 999 |
_c56023 _d56023 |
||